LEADER 01514nam a2200265 i 4500 001 000000029464 003 CaOOAMICUS 005 20240902104246.0 008 180830s1660 fr u000 u lat u 040 $aSeMil$bita 100 1 $aBaronio, Cesare,$c.$0(OLS)http://semarc/name/90024 245 10$aHenrici Spondani Mauleosolensis ... Epitome Annalium ecclesiasticorum Caesaris Baronii S.R.E. presbiteri cardinalis bibliothecarij apostolici. 250 $aEditio postrema mendis innumeris quae in superiores irrepserant expurgata. 260 $aLugduni :$bsumptib. Ioannis Antonii Huguetan, & Marci Antonii Ravaud,$c1660. 300 $a2 v. ;$cfol. 500 $aTesto su due colonne con specchio di stampa in cornice. 650 4$aGregorio : Magno - Opere.$0(OLS)http://semarc/subject/496 700 1 $aSponde, Henri : de <1568-1643>.$0(OLS)http://semarc/name/13439 700 1 $aHuguetan, Jean-Antoine,$c.$0(OLS)http://semarc/name/5713 700 1 $aRavaud, Marc-Antoine,$c.$0(OLS)http://semarc/name/5712 774 0 $t[1].$g1$w()227222 774 0 $tPars altera.$g2$w()237030 996 $6245$aHenrici Spondani Mauleosolensis ... Epitome Annalium ecclesiasticorum Caesaris Baronii S.R.E. presbiteri cardinalis bibliothecarij apostolici$9(OLS)http://semarc/title/40026 996 $6260$aLugduni :$bsumptib. Ioannis Antonii Huguetan, & Marci Antonii Ravaud$9(OLS)http://semarc/publisher/38108 LEADER 01247nam a2200289 i 4500 001 000000107955 003 CaOOAMICUS 005 20161220000000.0 008 161220s1998 it u000 u ita u 013 $a80507 020 $a88-315-1635-3 040 $aSeMil$bita 100 1 $aClément, Olivier,$d<1921-2009>.$0(OLS)http://semarc/name/4742 240 10$aTaizé, un sens à la vie.$0(OLS)http://semarc/title/156562 245 10$aTaizé :$bun senso alla vita /$cOlivier Clément ; prefazione di frère Roger de Taizé. 260 $aMilano :$bPaoline,$c1998. 300 $a84 p., [4] p. di tav. :$bill. ;$c20 cm. 490 0 $aSpiritualità senza frontiere ;$v22 650 4$aTaizé.$0(OLS)http://semarc/subject/17936 700 1 $aSchutz, Roger,$c.$0(OLS)http://semarc/name/8557 830 0$aSpiritualità senza frontiere ;$v22.$0(OLS)http://semarc/title/10627 850 $aSeMil 852 $aSeMil$W1$xVenegono$y1$m2K II 430$j64051$B64051$CSeMilBibl$Z2$F216311 $81 961 $aOmaggio: Altro 996 $6020$a88-315-1635-3$9(OLS)http://semarc/number/88895 996 $6245$aTaizé :$bun senso alla vita$9(OLS)http://semarc/title/156561 996 $6260$aMilano :$bPaoline$9(OLS)http://semarc/publisher/29684